Работа партийных организаций в период Великой Отечественной войны 1941-1945 годов (Запис № 373010)

МАРК-запис
000 -Лідер
fixed length control field 00772nam a22002297a 4500
001 - Контрольний номер
control field 86841
003 - Ідентифікатор контрольного номера
control field UA-OsUOA
005 - Дата та час останнього входження (трансакції)
control field 20220530210009.0
007 - Фіксоване поле фізичного опису
fixed length control field ta
008 - Елементи даних фіксованої довжини – загальна інформація
fixed length control field 20120911b un ||||| |||| 00| 0 ukr d
040 ## - Джерело каталогізації
Агенція оригінальної каталогізації UA-OsUOA
Мова каталогізації rus
Агенція, яка здійснювала перезапис UA-OsUOA
Агенція, яка здійснювала модифікацію UA-OsUOA
041 ## - Код мови
Код мови тексту/ звукової доріжки чи окремого заголовка (П) rus
080 ## - Індекс Універсальної десяткової класифікації
Індекс Універсальної десяткової класифікації (УДК) (НП) 94(47+57)"1941/1945"
090 ## - Локальний шифр розміщення
Класифікаційний індекс УДК 94(47+57)"1941/1945"
Авторський знак (НП) Р13
245 ## - Відомості про назву
Назва (НП) Работа партийных организаций в период Великой Отечественной войны 1941-1945 годов
Решта назви (НП) документы и материалы в двух томах
Дані про відповідальність (НП) Капитонов И. В.
260 ## - Публікація, розповсюдження і т.п. (Вихідні дані)
Місце публікації, розповсюдження і т.п. (П) М.
Ім’я/ наймення видавництва, розповсюджувача і т.п. (П) Правда
Дата публікації, розповсюдження і т.п. (П) 1982
300 ## - Фізичний опис
Обсяг 648 с.
505 ## - Форматована примітка про зміст
Змішана інформація т. 1
650 #7 - Додаткове предметне введення – тематичний термін
Тематичний термін чи географічна назва, як елемент введення (НП) 94 Історія Росії
Джерело заголовка чи терміна UDC
942 ## - Додаткові елементи входу (Коха)
Тип елемента Koha Книги
Source of classification or shelving scheme Universal Decimal Classification
955 ## - Код типу видання за змістом
Код типу видання за змістом (НП) Наукові видання
Фонди
Стан вилучень Стан втрат Джерело класифікації або схеми стелажів Стан уражень Не для кредиту Постійне місце розташування Поточне розміщення Дата придбання Інвентарний номер Усього замовленно Штрих-код Дата останнього перегляду Ціна ефективна від Тип елемента Koha
    Universal Decimal Classification     АБ - Абонемент НБ АБ - Абонемент НБ 11/09/2012 28172   28172 27/01/2022 11/09/2012 Книги